Вып. 11 : Информационное и алгоритмическое обеспечение моделей принятия решений; Методы и системы принятия решений

書誌詳細
Parent link:Методы и системы принятия решений: сборник научных трудов/ Рижский политехнический институт ; отв. ред. А. Н. Борисов. Вып. 11 : Информационное и алгоритмическое обеспечение моделей принятия решений.— , 1979-
その他の著者: Борисов А. Н. Аркадий Николаевич (редактор)
言語:ロシア語
出版事項: 1984
主題:
フォーマット: 図書
KOHA link:https://koha.lib.tpu.ru/cgi-bin/koha/opac-detail.pl?biblionumber=298348

MARC

LEADER 00000nam2a2200000 4500
001 298348
005 20231102001108.0
020 |a RU  |b 83-80183 
035 |a (RuTPU)RU\TPU\book\323491 
090 |a 298348 
100 |a 20150617d1984 k y0rusy5003 ca 
101 0 |a rus 
102 |a LV 
105 |a a z 001zy 
200 0 |a Вып. 11 : Информационное и алгоритмическое обеспечение моделей принятия решений 
210 |d 1984 
215 |a 150 с.  |c ил. 
320 |a Библиография в конце статей 
461 1 |0 (RuTPU)RU\TPU\book\250318  |t Методы и системы принятия решений  |o сборник научных трудов  |f Рижский политехнический институт ; отв. ред. А. Н. Борисов  |v Вып. 11 : Информационное и алгоритмическое обеспечение моделей принятия решений  |d 1979-  
606 1 |a Принятие решений  |x Математическая теория  |2 stltpush  |3 (RuTPU)RU\TPU\subj\51690  |9 70260 
610 1 |a информационное обеспечение 
610 1 |a сложные системы 
610 1 |a управление 
610 1 |a алгоритмические основы 
610 1 |a модели 
610 1 |a анализ 
610 1 |a информация 
610 1 |a нечеткие среды 
610 1 |a автоматическое проектирование 
675 |a 519.81  |z rus  |v 3 
702 1 |a Борисов  |b А. Н.  |g Аркадий Николаевич  |4 340 
801 0 |a RU  |b RuMRKP  |c 19950704  |g psbo 
801 1 |a RU  |b 63413507  |c 20150617 
801 2 |a RU  |b 63413507  |c 20180613  |g RCR 
942 |c BK